| 000 | 00597 a2200193 4500 | ||
|---|---|---|---|
| 999 |
_c7990 _d7990 |
||
| 010 | _aENG-88266 | ||
| 020 |
_a8180040119 _c245.00 |
||
| 035 | _aEN-71799 | ||
| 037 | _bDBAD / PUB | ||
| 082 | 1 | 4 | _a618.92 |
| 100 | 1 | _aSanthosh Kumar, A. | |
| 245 | 1 |
_aHandbook of pediatrics/ _cby A. Santosh Kumar |
|
| 250 | _a4th ed (repr) | ||
| 260 |
_aNew Delhi _bAll India Publishers & Distributors _c2007 |
||
| 270 |
_a4380/4B, Ansari Road, Darya Ganj, _bNew Delhi _e110 002 |
||
| 300 |
_a418p. _c22cm (pbk ) _bb&w photos |
||
| 500 | _aIncludes index | ||
| 942 |
_adpl _cEN _2ddc _h618.92 _mSAN |
||